Rosario Dawson Movies! - Statistics

General Stats
  • This quiz has been taken 6 times
    2 since last reset
  • The average score is 10 of 77
Answer Stats
Hint Answer % Correct
2011 Zookeeper
100%
2002 25th Hour
50%
2004 Alexander
50%
2006 Clerks II
50%
TBD Clerks III
50%
2007 Death Proof
50%
1998 He Got Game
50%
2016 Justice League V.S. Teen Titans
50%
1995 Kids
50%
2008 Killshot
50%
2017 Krystal
50%
2016 Ratchet and Clank
50%
2002 The Adventures of Pluto Nash
50%
2017 The Lego Batman Movie
50%
2014 Top Five
50%
2013 Trance
50%
2009 Wonder Woman
50%
2019 Wonder Woman: Bloodlines
50%
2006 A Guide to Recognizing Your Saints
0%
2002 Ash Wednesday
0%
2014 Cesar Chavez
0%
2001 Chelsea Walls
0%
2007 Descent
0%
2000 Down to You
0%
2008 Eagle Eye
0%
2008 Explicit Ills
0%
2012 Fire with Fire
0%
2011 Five
0%
2005 Frank Miller's Sin City
0%
2014 Frank Miller's Sin City: A Dame to Kill For
0%
2013 Gimme Shelter
0%
2011 Girl Walks Into a Bar
0%
2007 Grindhouse
0%
TBD Haunted Mansion
0%
2018 Henchmen
0%
2012 Hotel Noir
0%
TBD Impact Generation
0%
2019 Jay and Silent Bob Reboot
0%
2001 Josie and the Pussycats
0%
2017 Justice League Dark
0%
2020 Justice League Dark: Apokolips War
0%
2015 Justice League: Throne of Atlantis
0%
2000 King of the Jungle
0%
1999 Light it Up
0%
2002 Love in the Time of Money
0%
2002 Men in Black II
0%
2014 Parts Per Billion
0%
2010 Percy Jackson and the Olympians: The Lightning Thief
0%
2015 Puerto Ricans in Paris
0%
2013 Raze
0%
2019 Reign of the Supermen
0%
2005 Rent
0%
2008 Seven Pounds
0%
2003 Shattered Glass
0%
1998 Side Streets
0%
2001 Sidewalks of New York
0%
2019 Someone Great
0%
2018 Sorry to Bother You
0%
2021 Space Jam: A New Legacy
0%
TBD Speed of Light
0%
2011 Ten Years
0%
2014 The Captive
0%
2019 The Death and Return of Superman
0%
2018 The Death of Superman
0%
2014 The Ever After
0%
2002 The First $20 Million Is Always the Hardest
0%
2003 The Rundown
0%
2020 The Water Man
0%
2013 They Die by Dawn
0%
2003 This Girl's Life
0%
2021 This is Not a War Story
0%
2005 This Revolution
0%
2014 Tinker Bell and the Legend of the NeverBeast
0%
2001 Trigger Happy
0%
2017 Unforgettable
0%
2010 Unstoppable
0%
2019 Zombieland: Double Tap
0%
No matching quizzes found
Score Distribution
Percent of People with Each Score
Percentile by Number Answered
Your Score History
You have not taken this quiz since the last reset